Actividades para todo o ano (Registo nº 4407)
[ vista simples ]
| 000 -Etiqueta do registo | |
|---|---|
| Cabeçalho | 00817nam a2200265 4500 |
| 005 - Identificador da versão | |
| Campo de controlo | 20240813122100.0 |
| 010 ## - Número internacional normalizado dos livros (ISBN) | |
| Número (ISBN) | 9727123201 |
| 100 ## - Dados gerais de processamento | |
| Dados gerais de processamento | 20070926d2006 m y0pory5003 ba |
| 102 ## - Pais de publicação ou produção | |
| País de publicação | Portugal |
| 101 1# - Língua de publicação | |
| Língua do texto, banda sonora, etc. | Português |
| Língua do documento no original | Francês |
| 215 ## - Descrição física | |
| Indicação específica da natureza do documento e extensão da espécie | 207, [2] p. |
| Dimensões | 27 cm |
| 200 1# - Titulo e menção de responsabilidade | |
| Título próprio | Actividades para todo o ano |
| Informação de outro título | Carnaval, páscoa, prendas, actividades de verão, halloween, natal |
| Outras menções de responsabilidade | dir. Christophe Savouré |
| -- | trad. Vítor da Rocha |
| 225 1# - Colecção | |
| Título próprio da colecção | Actividades - Brincadeiras - Criação |
| 205 ## - Menção da edição | |
| Menção da edição | 5ª ed |
| 210 ## - Publicação, Distribuição, etc. | |
| Lugar da edição, distribuição, etc. | Maia |
| Nome do editor, distribuidor, etc. | Edições Nova Gaia |
| Data da publicação, distribuição, etc. | 2006 |
| 675 ## - Classificação Decimal Universal (CDU) | |
| Notação | 793.7 |
| Edição | BN |
| Língua da edição | por |
| Notação | 745 |
| Edição | BN |
| Língua da edição | por |
| 702 #1 - Nome de autor-pessoa física (responsabilidade secundária) | |
| Número de registo de entrada de autoridade | 0001240 |
| Palavra de ordem | Savouré |
| Outra parte do nome não tomada para palavra de ordem | Christophe |
| Código de função | Editor literário / Coordenador |
| Número de registo de entrada de autoridade | 0000828 |
| Palavra de ordem | Rocha |
| Outra parte do nome não tomada para palavra de ordem | Vítor da |
| Código de função | Tradutor |
| 942 ## - Elementos de entrada adicionados (Koha) | |
| Tipo de item no Koha | Livro |
| Situação do levantamento | Origin of item (home branch) (coded) | Biblioteca de empréstimo | Código de barras | Cota | Circulation type (not for loan) | Tipo de documento | Nota do exemplar | Damaged status |
|---|---|---|---|---|---|---|---|---|
| Biblioteca Escolar das Vendas | Biblioteca Escolar das Vendas | BEV1005 | 7TMA ART | Livro | Sem mensagem | |||
| Biblioteca Escolar das Vendas | Biblioteca Escolar das Vendas | BEV1785 | 7TMA ABC | Livro | Sem mensagem |
